000 00861nam a22002417a 4500
005 20170124110152.0
010 _aB-121872
020 _c795.00
_a9788176488105
035 _aB-121872
037 _bCen Lib/Ret
040 _aDPL
_bEN
082 _a658.477
_bNAT
245 _aNatural disaster :
_cedited by R K Sharma [and] Gagandeep Sharma
_binstitutional building for mitigating the impact of vulnerable sections /
260 _aNew Delhi
_bA.P.H. Publishing
_c2005
270 _a5, Ansari Road, Darya Ganj
_bNew Delhi
_e110002
300 _axvii,270p. :
_c22cm(Hb)
_bill.
500 _aIncludes bibliographical references and index
650 _aNatural disasters
_934211
650 _aEmergency management
_914206
700 _aR. K. Sharma
_934212
700 _aGagandeep Sharma
_934213
942 _2ddc
_cEN
_h658.477
_mNAT
999 _c132282
_d132282